| 000 | 00644nam a22002057a 4500 | ||
|---|---|---|---|
| 003 | OSt | ||
| 005 | 20250819065444.0 | ||
| 008 | 250819b |||||||| |||| 00| 0 eng d | ||
| 020 | _a1-85793-631-0 | ||
| 040 |
_aDWC-Main Lib _cOC |
||
| 082 | _aCirc. 641.822 D278l 1996 | ||
| 100 | _aDe'Medici, Lorenza | ||
| 245 |
_aLorenza's pasta : _b200 recipes for family and friends/ _cLorenza De'Medici |
||
| 260 |
_aLondon: _bPavillon Books Limited, _cc1996. |
||
| 300 |
_a192 pages : _bcolor illustrations ; _c28cm. |
||
| 504 | _aIncludes index. | ||
| 650 | _a1. Cooking (Pasta). | ||
| 650 | _a2. Pasta ---Cookery. | ||
| 942 |
_2ddc _cBK-CIRC _kCirc. _n0 |
||
| 999 |
_c4082 _d4082 |
||